Official Languages of Countries #3 - Statistics

General Stats
  • This quiz has been taken 38 times
  • The average score is 12 of 16
Answer Stats
Country Language % Correct
New Zealand English
100%
Uganda English
100%
France French
97%
Brazil Portuguese
97%
East Timor Portuguese
97%
Argentina Spanish
97%
Cyprus Turkish
97%
Cyprus Greek
94%
Sweden Swedish
91%
New Zealand Te Reo Māori
88%
Suriname Dutch
79%
Iran Persian
79%
Uganda Swahili
58%
Montenegro Montenegrin
33%
New Zealand New Zealand Sign Language
21%
East Timor Tetun
3%
No matching quizzes found
Score Distribution
Percent of People with Each Score
Percentile by Number Answered
Your Score History
You have not taken this quiz